Lippincott Illustrated Reviews Microbiology (Record no. 1746)

MARC details
000 -LEADER
Fixed length control field 00642nam a22002177a 4500
003 - CONTROL NUMBER IDENTIFIER
Control field IIN
005 - DATE AND TIME OF LATEST TRANSACTION
Control field 20250411170646.0
008 - FIXED-LENGTH DATA ELEMENTS--GENERAL INFORMATION
Fixed length control field 250411b |||ad||| |||| 001 0 eng d
020 ## - INTERNATIONAL STANDARD BOOK NUMBER / ISBN
International Standard Book Number 9789395736510
Price 1649.00
040 ## - CATALOGING SOURCE
Original cataloging agency IIN
082 ## - DEWEY DECIMAL CLASSIFICATION NUMBER
Classification number 579
Book Number MUR
245 ## - TITLE STATEMENT
Title Lippincott Illustrated Reviews Microbiology
Statement of responsibility edited by Sumathi Muralidhar, Suchitra Shenoy M.
250 ## - EDITION STATEMENT
Edition statement 2nd ed.
Remainder of edition statement South Asian Edition
260 ## - IMPRINT
Place of publication New Delhi
Name of publisher Wolters Kluwer
Date of publication 2024
300 ## - PHYSICAL DESCRIPTION
Page / Vol. No xv, 1062 p.
Other physical details col. ill.
500 ## - GENERAL NOTE
General note Includes Index
650 ## - SUBJECT ADDED ENTRY--TOPICAL TERM
Topical term Microbiology
700 ## - ADDED ENTRY--PERSONAL NAME
Personal name Muralidhar, Sumathi (ed.)
700 ## - ADDED ENTRY--PERSONAL NAME
Personal name Shenoy, Suchitra M. (ed.)
942 ## - ADDED ENTRY ELEMENTS (KOHA)
Koha item type Books
Holdings
Withdrawn status Lost status Source of classification Damaged status Not for loan Collection code Home library Current library Shelving location Date acquired Price Total Checkouts Call number Accession number Date last seen Price effective from Koha item type
    Dewey Decimal Classification     Purches Book IDEAL INSTITUTE OF NURSING IDEAL INSTITUTE OF NURSING General Stacks 11/03/2025 1649.00   579 MUR 1882 11/04/2025 11/04/2025 Books
© Ideal Institute Of Nursing, All rights reserved.         Powered by Koha